| 000 | 00331nam a22001217a 4500 | ||
|---|---|---|---|
| 008 | 190312b xxu||||| |||| 00| 0 eng d | ||
| 041 | _aeng | ||
| 080 | _a043.3 | ||
| 100 | _a0 | ||
| 101 | _aMBE-BA | ||
| 245 |
_aRëndësia dhe roli i investimeve të huaja në zhvillimin Ekonomik të vendit tonë _cHaxhimurati,H |
||
| 942 |
_2udc _cBK |
||
| 999 |
_c54723 _d54723 |
||